| 000 | 00751nam a2200241Ia 4500 | ||
|---|---|---|---|
| 003 | OSt | ||
| 005 | 20260312110141.0 | ||
| 008 | 210716s2010 xx 000 0 und d | ||
| 020 | _a9788184048001 | ||
| 040 | _cAIMIT LIBRARY | ||
| 041 | _aeng | ||
| 082 |
_a658.404 _22 _bGREJ |
||
| 100 |
_aGreene, Jennifer. _9258596 |
||
| 245 |
_aHead first PMP / _cBy Jennifer and Andrew Stellman. |
||
| 250 | _a2nd ed. | ||
| 260 |
_aMumbai : _bShroff Publishers and Distributors Pvt Ltd , _c2010. |
||
| 300 |
_axxxvi,795,22 p.; _bPB _c23.5 cm. |
||
| 650 |
_aGetting the job done _9258597 |
||
| 650 |
_aDoing the right stuff _9258598 |
||
| 650 |
_aWatching the bottom line _9258599 |
||
| 700 |
_aStellman, Andrew. _9258600 |
||
| 942 |
_2ddc _cBK _e2 _k658.404 GREJ |
||
| 999 |
_c191098 _d191098 |
||